| 000 -CABECERA |
| Longitud fija campo de control |
00969nam a2200229 a 4500 |
| 001 - NÚMERO DE CONTROL |
| Número de control |
2267 |
| 003 - IDENTIFICADOR DEL NÚMERO DE CONTROL |
| Identificador del número de control |
CDMR |
| 005 - FECHA Y HORA DE LA ÚLTIMA TRANSACCIÓN |
| Fecha y hora de la última transacción |
20130702094229.0 |
| 008 - CÓDIGOS DE INFORMACIÓN DE LONGITUD FIJA |
| Códigos de información de longitud fija |
130130s1937||||||||||||||||||||||||f |d |
| 040 ## - FUENTE DE LA CATALOGACIÓN |
| Centro catalogador de origen |
CDMR |
| Lengua de catalogación |
cat |
| Centro transcriptor |
CPC LLEIDA |
| 245 03 - MENCIÓN DE TÍTULO |
| Título |
La presse catalane |
| Resto del título |
: depuis 1641 jusqu'a 1937 |
| Mención de responsabilidad, etc. |
essai d'index par Joan Torrent ; avec la collaboration de Francesc Carbonell, Josep Monfort et Rafael Bori |
| 260 ## - PUBLICACIÓN, DISTRIBUCIÓN, ETC. (PIE DE IMPRENTA) |
| Lugar de publicación, distribución, etc. |
[Barcelona] |
| Nombre del editor, distribuidor, etc. |
Commissariat de Propagande de la Généralité de Catalogne |
| Fecha de publicación, distribución, etc. |
[1937] |
| 300 ## - DESCRIPCIÓN FÍSICA |
| Extensión |
166 p. |
| 500 ## - NOTA GENERAL |
| Nota general |
A la coberta: Agrupació Professional de Periodistes, Barcelona - Palais International de la Presse, Exposition de Paris - MCMXXXVII |
| 650 04 - PUNTO DE ACCESO ADICIONAL DE MATERIA - TÉRMINO DE MATERIA |
| 9 (RLIN) |
195 |
| Término de materia o nombre geográfico como elemento inicial |
Premsa |
| Subdivisión de forma |
Directoris |
| Subdivisión cronológica |
1641-1937 |
| Subdivisión geográfica |
Catalunya |
| 700 1# - PUNTO DE ACCESO ADICIONAL - NOMBRE DE PERSONA |
| 9 (RLIN) |
1158 |
| Nombre de persona |
Torrent, Joan |
| 700 1# - PUNTO DE ACCESO ADICIONAL - NOMBRE DE PERSONA |
| 9 (RLIN) |
211 |
| Nombre de persona |
Carbonell, Francesc |
| 700 1# - PUNTO DE ACCESO ADICIONAL - NOMBRE DE PERSONA |
| 9 (RLIN) |
3550 |
| Nombre de persona |
Bori, Rafael |
| 710 2# - PUNTO DE ACCESO ADICIONAL - NOMBRE DE ENTIDAD |
| 9 (RLIN) |
952 |
| Nombre de entidad o nombre de jurisdicción como elemento inicial |
Agrupació Professional de Periodistes |
| 710 1# - PUNTO DE ACCESO ADICIONAL - NOMBRE DE ENTIDAD |
| 9 (RLIN) |
3661 |
| Nombre de entidad o nombre de jurisdicción como elemento inicial |
Catalunya |
| Unidad subordinada |
-- Comissariat de Propaganda |
| 942 ## - ENTRADA DE ELEMENTOS AGREGADOS (KOHA) |
| Koha [por defecto] tipo de item |
Monografies |
| Fuente de clasificaión o esquema |
|